|
|
|
|
| LEADER |
00866nam a2200217 i 4500 |
| 001 |
c000048486 |
| 003 |
CARM |
| 005 |
00000000000000.0 |
| 008 |
s1960 0 d |
| 019 |
1 |
|
|a 2546140
|5 LACONCORD2021
|
| 035 |
|
|
|a (OCoLC)3598225
|5 LACONCORD2021
|
| 100 |
1 |
|
|a Ely, Roland T.
|
| 245 |
1 |
3 |
|a La economia cubana entre las dos Isabeles, 1492-1832 [i.e. mil cuatro cientos noventa dos - mil ocho cientos treinta dos] /
|c Roland T. Ely.
|
| 250 |
|
|
|a 2.ed.
|
| 260 |
|
|
|a Habana :
|b Editorial Libreria Marti,
|c 1960.
|
| 300 |
|
|
|a 146p.
|
| 504 |
|
|
|a Bibliography: p.[129]-146.
|
| 651 |
|
0 |
|a Cuba
|x Economic conditions.
|
| 852 |
8 |
|
|b CARM
|h A2:AF18B0
|i B01631
|p 0069814
|f BK
|
| 999 |
f |
f |
|i 04af9769-160f-5559-9715-eb4fe9601e51
|s 67d34b7c-83d4-590b-9716-24314eda2bd2
|
| 952 |
f |
f |
|p Can circulate
|a CAVAL
|b CAVAL
|c CAVAL
|d CARM 1 Store
|e B01631
|f A2:AF18B0
|h Other scheme
|i book
|m 0069814
|